000 00791nam a2200289Ia 4500
005 20260324131555.0
008 008 260324s9999 xx 000 0 eng d
020 _a9781003513049
037 _aEBOOK
040 _aCRL
040 _beng
040 _cCRL
041 _2eng
041 _aeng
084 _qCRL
100 _aJanet Beer; Sarah Annes; Elizabeth Nolan; Ralph Pite; Jane Spirit
_91186010
245 0 _aLives of Victorian Literary Figures, Part IV, Volume 2
245 0 _bHenry James, Edith Wharton and Oscar Wilde by their Contemporaries
260 _bTaylor and Francis
260 _c2006
365 _a
365 _b150
856 _uhttp://www.taylorfrancis.com/books/9781003513049
942 _cEBOOK
999 _c1783312
_d1783312